000 01116nji a22002897a 4500
005 20100917154257.0
006 a|||||r|||||00| 0
007 sd ammalaaahaa
008 100830t xxu||||| |||| 00| 0 eng d
028 _aEASD.1706
_bEMI
035 _aGR-03254
040 _aSED
_cSED
100 _917455
_aRagi, Gopal Singh
245 _aShabad Gurbani /
_csung by Gopal Singh Ragi; music by Kesar Singh Narula
_h[sound recording] :
246 _aशबद गुरबानी /
260 _aDum Dum, India
_bEMI
_c1974
300 _a1 sound disc [Gramophone Recording]:
_banalog, 33 1/3 rpm
_c12.5 in. (LP)
_fGramophone Record
500 _aBrief Record
500 _aRecord labels : EMI, Red
505 _aSide-1 (Main hoon param purakh ko dasa) (Gopal Singh Ragi) Side-2 (Din dayal bharose tere) (Gopal Singh Ragi)
600 _aRagi, Gopal Singh
_920359
650 _aShabad Gurbani
_zIndia
_91186
_xExcerpts
650 _aPunjabi Devotional
_920588
700 _aNarula, Kesar Singh
_920534
942 _2ddc
_cGR
999 _c46593
_d46593